| 000 | 00452nam a2200157 i 4500 | ||
|---|---|---|---|
| 001 | 82539 | ||
| 003 | ES-MaACL | ||
| 005 | 20230906174706.0 | ||
| 007 | t| | ||
| 008 | 041110s1911 ag ||||1| spa d | ||
| 100 | 1 |
_aIngenieros, José. _965284 |
|
| 245 | 1 | 3 |
_aLa defensa social / _cJosé Ingenieros. |
| 260 |
_aBuenos Aires : _b[s.n.], _c1911 ( _fTall. Gráfs. de la Penitencia Nacional) |
||
| 300 |
_a19 p. ; _c19 cm. |
||
| 852 |
_aES-MaACL _jT-1239-F-12 |
||
| 999 |
_c82539 _d82539 |
||